ბათუმის შოთა რუსთაველის სახელმწიფო უნივერსიტეტის ბიბლიოთეკა

Introduction to Environmental Toxicology : (ბიბ.ჩანაწერი № 62299)

000 -LEADER
fixed length control field 00778nam a22002177a 4500
005 - DATE AND TIME OF LATEST TRANSACTION
control field 20240920104235.0
008 - FIXED-LENGTH DATA ELEMENTS--GENERAL INFORMATION
fixed length control field 240920s2018 enk||||| |||| 00| 0 eng d
020 ## - INTERNATIONAL STANDARD BOOK NUMBER
International Standard Book Number 9781498750424x
041 ## - LANGUAGE CODE
Language code of text/sound track or separate title eng
080 ## - UNIVERSAL DECIMAL CLASSIFICATION NUMBER
Universal Decimal Classification number 504.5+574 L-23
100 ## - MAIN ENTRY--PERSONAL NAME
Personal name Landis, Wayne
9 (RLIN) 23252
245 ## - TITLE STATEMENT
Title Introduction to Environmental Toxicology :
Remainder of title Molecular Substructures to Ecological Landscapes
Statement of responsibility, etc. Wayne Landis, Ruth Sofield, Ming-Ho Yu
250 ## - EDITION STATEMENT
Edition statement Fifth Edition
264 ## - PRODUCTION, PUBLICATION, DISTRIBUTION, MANUFACTURE, AND COPYRIGHT NOTICE
Place of production, publication, distribution, manufacture London :
Name of producer, publisher, distributor, manufacturer CRC Press,
Date of production, publication, distribution, manufacture, or copyright notice 2018.
300 ## - PHYSICAL DESCRIPTION
Extent 470 p.:
Other physical details ill.;
Dimensions 26 cm.
653 ## - INDEX TERM--UNCONTROLLED
keyword შესავალი გარემოს ტოქსიკოლოგიაში
653 ## - INDEX TERM--UNCONTROLLED
keyword ეკოლოგია
700 ## - ADDED ENTRY--PERSONAL NAME
Personal name Sofield, Ruth
9 (RLIN) 23253
700 ## - ADDED ENTRY--PERSONAL NAME
Personal name Yu, Ming-Ho
9 (RLIN) 23254
942 ## - ADDED ENTRY ELEMENTS (KOHA)
Source of classification or shelving scheme
Koha item type წიგნი
ეგზემპლარები
Withdrawn status Lost status Source of classification or shelving scheme Damaged status Not for loan Permanent Location Current Location Shelving location Date acquired Cost, normal purchase price Full call number Barcode Date last seen Copy number Price effective from Koha item type Public note
          ბათუმის შოთა რუსთაველის სახელმწიფო უნივერსიტეტის მთავარი ბიბლიოთეკა ბათუმის შოთა რუსთაველის სახელმწიფო უნივერსიტეტის მთავარი ბიბლიოთეკა წიგნსაცავი 2024-09-20 272.00 504.5+574 L-23 68886 2024-09-20 68886 2024-09-20 წიგნი 272 ლ.
          ბათუმის შოთა რუსთაველის სახელმწიფო უნივერსიტეტის მთავარი ბიბლიოთეკა ბათუმის შოთა რუსთაველის სახელმწიფო უნივერსიტეტის მთავარი ბიბლიოთეკა წიგნსაცავი 2024-11-04 272.00 504.5+574 L-23 69571 2024-11-04 69571 2024-11-04 წიგნი 272.00